Responses for show #6419 - Thursday, July 12, 2012

Contestants

[<< previous game]

Tracey Rhys, a technology trainer from New York, New York

Laura Sikes Jambon, a graduate student of American history from Rochester, New York

A.J. Motley, a student of diagnostic sonography from Wylie, Texas (whose 1-day cash winnings total $20,801)

[next game >>]

Jeopardy! Round responses

30 ROCK
LET'S EAT THAI
8-LETTER CROSSWORD CLUES "P"
I'M JUST SWAMPED!
NOT SO GAY PAREE
ELECTION YEAR BEFORE & AFTER
    $200 2
(A.J.: Who is Lorne Michaels?)

Tina Fey

A.J.Laura
    $200 1
noodles

Laura
    $200 8
porridge

A.J.
    $200 21
(Laura: What are ants?)

termites

A.J.Laura
    $200 16
a guillotine

Laura
    $200 28
Ronald McDonald Trump

Laura
    $400 3
Alec Baldwin

Tracey
    $400 4
(A.J: What is a [*]?)
(Alex: Be more specific?)
(A.J.: What is a... Thai [*]?)
(Alex: Well, we'll give you it on [*]. It's a chili [*]).

pepper

A.J.
    $400 9
practice

A.J.
    $400 22
the Okefenokee

Laura
    $400 17
the Vikings

A.J.
    $600 11
Tracy Morgan (or Tracy Jordan)

Laura
    $600 5
soup

Tracey
    $600 10
paradise

Laura
    $600 23
the Nile

Tracey
    $600 18
the Île de la Cité

Triple Stumper
    $600 29
[The end-of-round signal sounds.]

Pee-wee Herman Cain

A.J.
    $800 12
Kenneth Parcell

Laura
    $800 6
curry

A.J.
    $800 15
parallel

A.J.
    $800 24
Louisiana

A.J.
    $800 19
Julius Caesar

A.J.
    $800 27
eye of Newt Gingrich

Tracey
    $1000 13
Matt Damon

Laura
    $1000 7
(Laura: What are soybeans?)

fish

Laura
Triple Stumper
    $1000 14
palomino

Laura
    $1000 25
(Alex: Less than a minute now, A.J., to complete the round.)

the Great Dismal Swamp

Triple Stumper
    $1000 20
Huguenots

Laura
    $1000 26
Ranger Rick Santorum

Triple Stumper

Scores at the first commercial break (after clue 15):

A.J. Laura Tracey
$2,400 $3,400 $1,000

Scores at the end of the Jeopardy! Round:

A.J. Laura Tracey
$5,200 $5,000 $2,400

Double Jeopardy! Round responses

30s ROCK
NIXON'S ENEMIES LIST
HOW NOVEL!
DON'T MESS WITH TAXES
THE TELL-TALE HEART
"OGRAPHY"
    $400 2
(Bob) Dylan

A.J.
    $400 7
United Artists

A.J.
    $400 1
a luxury tax

Laura
    $400 13
an electrocardiogram

A.J.
    $400 15
choreography

A.J.
    $800 3
"Brick House"

A.J.
    $800 8
Namath

A.J.
    $800 26
The Catcher in the Rye

Laura
    $800 12
(Tracey: What is a stamp tax?)

a tariff

LauraTracey
    $800 14
an artery

Laura
    $800 19
oceanography

Tracey
    $1200 4
(Tracey: What is Guns N' Roses?)

38 Special

Tracey
Triple Stumper
    $1200 9
The Washington Post

A.J.
    $1200 25
Slaughterhouse-Five

Laura
    $1200 16
angina

A.J.
    $1200 20
cinematography

A.J.
    $1600 5
Thirty Seconds to Mars

A.J.
    $1600 10
Goldwater

A.J.
    $1600 24
(Laura: What is... uh... uh...)

The Hitchhiker's Guide to the Galaxy

Laura
Triple Stumper
    $1600 17
a valve

A.J.
    $1600 21
cartography

Laura
    $2000 6
the Dave Matthews Band

A.J.
    $2000 11
Jane Fonda

Tracey
    $8,600 23
(Alex: And we're running out of time, Laura, and you can see the score. You have less than 50% of A.J.'s total.)
(Laura: Well, I'd like to make it a True Daily Double, Alex.)

The Natural

Laura
    $2000 27
[The end-of-round signal sounds.]

ad valorem

A.J.
    $1,600 18
electrolytes

A.J.
    $2000 22
(Tracey: What is ethnography?)

demography

Tracey
Triple Stumper

Scores at the end of the Double Jeopardy! Round:

A.J. Laura Tracey
$22,400 $17,600 $1,200

[wagering suggestions for these scores]

Final Jeopardy! Round responses

THE UNITED NATIONS
TraceyWhat is Spanish?
$1,000
LauraWhat is Russian Spanish
$14,000
A.J.What is Spanish?
$12,801
Spanish

Final scores:

A.J. Laura Tracey
$35,201 $31,600 $2,200
2-day champion: $56,002 2nd place: $2,000 3rd place: $1,000

Game dynamics:

Coryat scores:

A.J. Laura Tracey
$22,800 $11,000 $1,200
25 R
(including 2 DDs),
1 W
18 R
(including 1 DD),
3 W
6 R,
3 W

Combined Coryat: $35,000

The J! Archive is created by fans, for fans. The Jeopardy! game show and all elements thereof, including but not limited to copyright and trademark thereto, are the property of Jeopardy Productions, Inc. and are protected under law. This website is not affiliated with, sponsored by, or operated by Jeopardy Productions, Inc. Join the discussion at JBoard.tv.